01023cam a2200277 i 450000100070000000500170000700800400002401000170006402000150008104000180009605000210011408200170013510000300015224500830018225000120026526000400027730000330031750400510035065000360040165000370043770000560047470000410053094200120057199900170058395201450060083125419900321124900.5770909s1977 iia |rb 001 0 eng  a 77013365  a8123909799 aDLCcDLCdDLC00aSF253b.N38 197700a637.028bATH1 aAtherton, Henry V.91707310aChemistry and Testing of Dairy Products /cHenry V. Atherton, J. A. Newlander. a4th ed. aNew Delhi:bCBS Publishers,cc1977. aix, 396 p. :bill. ;c23 cm. aIncludes bibliographical references and index. 0aDairy productsxTesting.917074 0aDairy products xAnalysis9171441 aNewlander, John Alvin,d1891-ejoint author.9170751 aNewlander, John Alvin,d1891-917076 2ddccBB c14610d14610 00102ddc40708AlahramaMAINbMAINc1STd2010-08-04epurchaseg54.00h0200000690062000l0o637.028 ATHp000021622r2025-07-15 00:00:00yBB